Countries With a H and L - Statistics

General Stats
  • This quiz has been taken 67 times
    36 since last reset
  • The average score is 10 of 13
Answer Stats
Answer % Correct
Chile
95%
Liechtenstein
86%
Marshall Islands
86%
Lithuania
81%
Netherlands
81%
Thailand
81%
D.R. Congo
76%
Rep. of the Congo
76%
Seychelles
76%
Bangladesh
67%
Lesotho
67%
Philippines
67%
Czech Republic
62%
No matching quizzes found
Score Distribution
Percent of People with Each Score
Percentile by Number Answered
Your Score History
You have not taken this quiz since the last reset